000 01056nam a2200301Ia 4500
003 OSt
005 20221007122818.0
006 a|||||r|||| 00| 0
007 ta
008 221006b |||||||| |||| 00| 0 eng d
020 _a9780521770507 (hbk)
024 _a188593
037 _b6084, 13/03/2013, New India Book Agency
_cTextual
040 _aPAPL
_cPAPL
_beng
041 _2eng
_aeng
082 _aB7:355, P9 Carpa
100 _aCross Michael
_9715262
245 0 _aPattern Formation and Dynamics in Nonequilibrium systems
_b Greenside Henry
260 _aCambridge
_bCambridge
_c2009
300 _axvi,535p. ill.
_ccm.
500 _aAppendix 496-519p.; Glossary 520-525p.; References 526-530p.; Index 531-535p.
650 _a Nonequilibrium system
_9715263
650 _a Nonlinear dynamics
_9715264
650 _aPhysics
700 _a Greenside Henry
_9715265
942 _hB7:355, P9 Carpa
_cTEXL
_2CC
999 _c1210970
_d1210970